[Event "World op"]
[Site "Philadelphia"]
[Date "1992.??.??"]
[Round "4"]
[White "Dzindzichashvili, Roman"]
[Black "Young, Ronald"]
[Result "1-0"]
[WhiteElo "2560"]
[BlackElo "2305"]

1.e4 e5 2.Nf3 Nf6 3.Nxe5 d6 4.Nf3 Nxe4 5.Nc3 Nxc3 6.dxc3 Be7 7.Bf4 Bg4 8.Be2 O-O
9.Qd2 Nd7 10.O-O-O Nf6 11.h3 Bh5 12.g4 Bg6 13.h4 Nxg4 14.h5 Be4 15.Rhg1 Nf6
16.Bh6 Nxh5 17.Nd4 Kh8 18.Bxh5 gxh6 19.Qxh6 Rg8 20.Bf3 Bxf3 21.Nxf3 Rg6 22.Ne5 Rxg1
23.Nxf7+ Kg8 24.Rxg1+ Kxf7 25.Qxh7+ Ke8 26.Qf5 Bf8 27.Re1+ Be7 28.f4 Qd7  1-0

[Event "Philadelphia opI"]
[Site "Philadelphia"]
[Date "1992.??.??"]
[Round "6"]
[White "Dzindzichashvili, Roman"]
[Black "Browne, Walter S"]
[Result "1/2-1/2"]
[WhiteElo "2560"]
[BlackElo "2530"]

1.Nf3 Nf6 2.d4 e6 3.g3 b5 4.Bg2 Bb7 5.O-O c5 6.c3 Na6 7.Bg5 Be7 8.Nbd2 O-O
9.a3 d6 10.Bxf6 Bxf6 11.e4 cxd4 12.cxd4 Qb6 13.a4 Rfc8 14.axb5 Qxb5 15.Qa4 Qb4
16.b3 d5 17.exd5 exd5 18.Rfc1 Rxc1+ 19.Rxc1 Qxa4 20.bxa4 Nb4 21.a5 Rc8 22.Rb1 Be7
23.Ne5 Ba6 24.Bh3 Rc7 25.Nb3 g6 26.Nd7 Nd3 27.Nbc5 Nxc5 28.dxc5 Kg7 29.c6 Rxc6
30.Nb8 Rd6 31.Nxa6 Rxa6 32.Rb5 d4 33.Rd5 Bf6 34.Bf1 Rc6 35.Rd7 a6 36.Ra7 Bd8
37.Rxa6 Rxa6 38.Bxa6 Bxa5 39.Kf1 f5 40.f4 h6 41.Ke2 g5 42.fxg5 hxg5 43.h3 Kf6
44.Kf3 Ke5 45.Bd3 Be1 46.Bc2 f4 47.gxf4+ gxf4 48.Bd3  1/2-1/2

[Event "Philadelphia opI"]
[Site "Philadelphia"]
[Date "1992.??.??"]
[Round "8"]
[White "Dzindzichashvili, Roman"]
[Black "Khmelnitsky, Igor N"]
[Result "1-0"]
[WhiteElo "2560"]
[BlackElo "2475"]

1.c4 e5 2.Nc3 Bb4 3.Nf3 Bxc3 4.bxc3 d6 5.c5 Nc6 6.cxd6 cxd6 7.g3 Nge7 8.Bg2 O-O
9.O-O b6 10.c4 Qc7 11.d3 h6 12.Ba3 Bb7 13.Rc1 Rfe8 14.Nd2 Rad8 15.Ne4 Qb8
16.Nc3 Ng6 17.Nd5 Nf8 18.f4 f6 19.fxe5 Nxe5 20.Qd2 Nfd7 21.Rf2 Nf7 22.Rcf1 Nde5
23.h3 Bc6 24.Bb2 Qb7 25.Kh2 b5 26.Bxe5 dxe5 27.Nxf6+ gxf6 28.Bxc6 Qxc6 29.Rxf6 Re6
30.Rxf7 bxc4 31.Qb4 Red6 32.dxc4 a6 33.c5 Rd4 34.Qb3 Qd5 35.c6 Qc4 36.c7 Rc8
37.Qf3 Rf4 38.gxf4 Qxf7 39.Qg4+  1-0

[Event "Somerset op"]
[Site "Somerset"]
[Date "1992.??.??"]
[Round "?"]
[White "Moulin, Pierre"]
[Black "Dzindzichashvili, Roman"]
[Result "1/2-1/2"]
[WhiteElo "2280"]
[BlackElo "2560"]

1.e4 c5 2.Nf3 e6 3.d4 cxd4 4.Nxd4 a6 5.Bd3 Nf6 6.O-O d6 7.c4 Be7 8.Nc3 O-O
9.b3 Nc6 10.Nxc6 bxc6 11.Qe2 e5 12.Bb2 Bg4 13.Qc2 Nd7 14.Na4 Be6 15.c5 dxc5
16.Bc4  1/2-1/2

[Event "Somerset op"]
[Site "Somerset"]
[Date "1992.??.??"]
[Round "?"]
[White "Dzindzichashvili, Roman"]
[Black "Kotliar, Mark"]
[Result "1/2-1/2"]
[WhiteElo "2560"]
[BlackElo "2310"]

1.c4 e5 2.Nc3 Nf6 3.Nf3 Nc6 4.d3 d5 5.cxd5 Nxd5 6.e3 Be7 7.Be2 O-O 8.O-O Be6
9.a3 a6 10.Qc2 f5 11.Nxd5 Bxd5 12.e4 Be6 13.exf5 Rxf5 14.Be3 Kh8 15.Nd2 Bg5
16.Ne4 Bxe3 17.fxe3 Rxf1+ 18.Rxf1 Bd5 19.Nc3 Ne7 20.Bf3 c6 21.Nxd5 Nxd5 22.Bxd5 Qxd5
23.Qc4 Qxc4 24.dxc4 Kg8 25.Rd1 Rf8 26.c5 g6 27.Rd6 Rf5 28.h4 Kg7 29.b4 Rf6
30.Rd8 Rf7 31.Re8 Kf6 32.Kf2 Re7 33.Rd8 Kf5 34.Kf3 e4+ 35.Kg3 Rf7 36.Rd2 Re7
37.Kh3 Rg7 38.Rf2+ Ke5 39.Rf8 Re7 40.Rd8 Kf5 41.a4 Ke5 42.Kg4 Rf7 43.Rd2 Ke6
44.h5 gxh5+ 45.Kxh5 Rf5+ 46.Kg4 Rf7 47.a5 Ke5 48.Kh5 Rg7 49.g4 Rf7 50.g5 Rf3
51.Rd7 Rxe3 52.Rxb7 Rb3 53.Kg4 Rb1 54.Re7+ Kd4 55.Rd7+ Ke5 56.Re7+ Kd4 57.Rxh7 Rg1+
58.Kf5 Rf1+ 59.Kg4 Rg1+ 60.Kf5  1/2-1/2

[Event "Somerset op"]
[Site "Somerset"]
[Date "1992.??.??"]
[Round "?"]
[White "Volovich, Anatoly A"]
[Black "Dzindzichashvili, Roman"]
[Result "0-1"]
[WhiteElo "2385"]
[BlackElo "2560"]

1.d4 Nf6 2.Nf3 g6 3.c3 Bg7 4.Bg5 O-O 5.e3 d6 6.Nbd2 h6 7.Bh4 Nbd7 8.Be2 g5
9.Bg3 Nh5 10.a4 e6 11.Nc4 f5 12.Nfd2 Nxg3 13.hxg3 d5 14.Na3 c5 15.f4 g4 16.Bb5 Nf6
17.Be2 b6 18.Nc2 Bd7 19.Kf2 Qc7 20.Ne1 h5 21.Kg1 a6 22.Nd3 c4 23.Ne5 b5 24.Kf2 Rfb8
25.Nxd7 Qxd7 26.axb5 axb5 27.b4 Qb7 28.Qc2 Ra6 29.Rxa6 Qxa6 30.Rb1 Ra8 31.Bd1 Ne8
32.Qb2 Bf6 33.Rc1 Nd6 34.Bc2 Kg7 35.Bb1 Kg6 36.Ke2 Qa7 37.Rh1 Qa3 38.Qxa3 Rxa3
39.Rc1 Nc8 40.Kd1 Nb6 41.Bc2 Kh6 42.Nb1 Ra2 43.Nd2 Be7 44.Ke2 Kg7 45.Kd1 Kf7
46.Ke2 Ke8 47.Kd1 Kd7 48.Nb1 h4 49.gxh4 Bxh4 50.Kd2 Bf2 51.Ke2 g3 52.Nd2 Na4
53.Bxa4 bxa4 54.Rh1 Kc6 55.Rh6 Kd6 56.Rh7 a3 57.Ra7 Kc6 58.Ra6+ Kb7 59.Ra5 Kb6
60.Ra8 Ra1 61.Nf3 a2 62.Kd2 Bg1 63.Ke2 Bh2 64.Ne1 Rc1 65.Rxa2 Rxc3 66.Nc2 Bg1
67.Kd2 Rd3+ 68.Ke2 Rb3 69.Kd2 Bf2 70.Ra1 Rd3+ 71.Ke2 Rc3 72.Kd2 Rb3 73.Ra2 Rb1
74.Ra1 Be1+ 75.Ke2 Rxa1 76.Nxa1 Bxb4 77.Kf3 Ka5 78.Kxg3 Ka4 79.Kf3 Bc3  0-1

[Event "New York op"]
[Site "New York"]
[Date "1993.??.??"]
[Round "1"]
[White "Dzindzichashvili, Roman"]
[Black "Rigo, Janos"]
[Result "1/2-1/2"]
[WhiteElo "2550"]
[BlackElo "2355"]

1.e4 c5 2.Nc3 d6 3.f4 g6 4.Nf3 Bg7 5.g3 Nc6 6.Bg2 e6 7.d3 Nge7 8.O-O O-O
9.Be3 b5 10.a3 Rb8 11.Rb1 b4 12.axb4 Rxb4 13.Qd2 Nd4 14.Nd1 a5 15.c3 Nb3
16.Qc2 Rb8 17.Nd2 a4 18.Nxb3 Rxb3 19.Bf2 Qb6 20.Ra1 Bd7 21.Ra2 Rb8 22.g4 a3
23.Rxa3 Rxa3 24.bxa3 Qa5 25.Bh4 Nc6 26.f5 Ne5 27.f6 Bf8 28.Ne3 Qxa3 29.Nc4 Nxc4
30.dxc4 Rb2 31.Qd3 Qa2 32.Rf2 Rxf2 33.Bxf2 Ba4 34.h4 Bb3 35.Bf1 Bc2 36.Qe2 Qb1
37.Qe1 Qxe1 38.Bxe1 Bxe4 39.g5 d5 40.Bg3 d4 41.Kf2 dxc3 42.Ke3 c2 43.Kd2 h6
44.Bf4 Kh7 45.Be2 hxg5 46.hxg5 Kg8 47.Bf1 Kh7  1/2-1/2

[Event "New York Enhance"]
[Site "New York"]
[Date "1993.??.??"]
[Round "2"]
[White "Dzindzichashvili, Roman"]
[Black "Berkovich, Dmitry"]
[Result "1-0"]
[WhiteElo "2535"]
[BlackElo "2400"]

1.d4 f5 2.Nf3 g6 3.h4 Nf6 4.h5 Nxh5 5.Rxh5 gxh5 6.e4 Bg7 7.Nh4 O-O 8.Nxf5 e6
9.Nxg7 Qh4 10.Be3 Kxg7 11.Nc3 d6 12.Qd2 Kg8 13.O-O-O Nc6 14.g3 Qh2 15.Bh6 Rf7
16.Be2 Bd7 17.Bf3 h4 18.Rh1 hxg3 19.Rxh2 gxh2 20.Qg5+ Kh8 21.Qh5 Rf6 22.e5 Rf5
23.Qxh2 Rxf3 24.Bg7+ Kxg7 25.Qg2+ Kh8 26.Qxf3 d5 27.Nxd5 exd5 28.e6 Bxe6
29.Qf6+ Kg8 30.Qxe6+ Kg7 31.Qxd5 Re8 32.Qg5+ Kh8 33.f4  1-0

[Event "New York op"]
[Site "New York"]
[Date "1993.??.??"]
[Round "2"]
[White "Shipman, Walter"]
[Black "Dzindzichashvili, Roman"]
[Result "1-0"]
[WhiteElo "2290"]
[BlackElo "2550"]

1.d4 Nf6 2.Nc3 d5 3.Bg5 Nbd7 4.Qd3 c6 5.e4 dxe4 6.Nxe4 Nxe4 7.Qxe4 Qb6 8.b3 Nf6
9.Qd3 g6 10.Bxf6 exf6 11.Nf3 Bf5 12.Qd2 O-O-O 13.Be2 g5 14.c3 Bd6 15.O-O Qc7
16.Bd3 Bg4 17.h3 Be6 18.Bc4 h5 19.Bxe6+ fxe6 20.Qe2 Rde8 21.Nd2 e5 22.Qf3 exd4
23.cxd4 g4 24.Qf5+ Qd7 25.Qxd7+ Kxd7 26.Ne4 Be7 27.Rfe1 f5 28.Nc5+ Bxc5 29.dxc5 Rxe1+
30.Rxe1 Re8 31.Rxe8 Kxe8 32.hxg4 hxg4 33.Kh2 Kf7 34.Kg3 b6 35.Kf4 Ke6 36.cxb6 axb6
37.b4 b5 38.a3 Kf6 39.f3 gxf3 40.gxf3 Ke6 41.Kg5 Ke5 42.Kg6 Kf4 43.Kf6  1-0

[Event "New York op"]
[Site "New York"]
[Date "1993.??.??"]
[Round "3"]
[White "Dzindzichashvili, Roman"]
[Black "Marquez, Raul"]
[Result "1-0"]
[WhiteElo "2550"]
[BlackElo "2265"]

1.e4 g6 2.d4 Bg7 3.Nf3 d6 4.Nc3 Nf6 5.h3 O-O 6.Be3 a6 7.a4 b6 8.e5 Nfd7 9.e6 fxe6
10.Ng5 Nf6 11.h4 h6 12.Bd3 Qe8 13.Nh3 e5 14.dxe5 dxe5 15.Qd2 h5 16.Ng5 Nc6
17.Bc4+ e6 18.Nce4 Nxe4 19.Nxe4 Na5 20.Bd3 Bb7 21.Qe2 Nc4 22.Bc1 Nd6 23.O-O Qc6
24.f3 Nf5 25.Bg5 Qd7 26.c3 Rf7 27.Rfd1 Qe8 28.Bc2 Kh8 29.Rd2 Rd7 30.Rxd7 Qxd7
31.Rd1 Qf7 32.b4 Bd5 33.Qd3 a5 34.b5 Rg8 35.g4 Ne7 36.Qe3 Re8 37.c4 Bxc4
38.Rd7 Qf8 39.gxh5 gxh5 40.Ng3 Nf5 41.Qe4 Qc5+ 42.Kg2 Bd5 43.Rxd5 exd5 44.Qxf5 e4
45.Bd1 Rf8 46.Qg6 Qd4 47.Be2 exf3+ 48.Bxf3 Qb2+ 49.Kh3 Qe5 50.Qxh5+ Kg8 51.Qg4 Kh8
52.Be2 Qd4 53.Qh5+ Kg8 54.Bg4 Qe5 55.Qg6 Rf2 56.h5 Qb2 57.Qe6+ Kh8 58.Bf5 Rh2+
59.Kg4 Qb4+ 60.Bf4 Rf2 61.Qe3 Qc5 62.Qe8+ Qf8 63.Qg6 Qg8 64.Bxc7 Bd4 65.Qxg8+ Kxg8
66.h6 Ra2 67.Kh5 Rxa4 68.Be6+ Kh8 69.Kg6 Ra1 70.Ne2 Bb2 71.Bxb6 a4 72.Bc5 Rf1
73.Bxd5 a3 74.b6 Rf6+ 75.Kg5 Kh7 76.Be4+ Kh8 77.b7 Be5 78.Bd4  1-0

[Event "New York op"]
[Site "New York"]
[Date "1993.??.??"]
[Round "5"]
[White "Dzindzichashvili, Roman"]
[Black "Southam, Todd"]
[Result "1-0"]
[WhiteElo "2550"]
[BlackElo "2325"]

1.c4 Nf6 2.Nf3 g6 3.Nc3 Bg7 4.d4 O-O 5.Bf4 d6 6.e3 Nbd7 7.h3 Nh5 8.Bh2 e5
9.Be2 exd4 10.Nxd4 Nhf6 11.O-O Nc5 12.Qc2 Re8 13.Bf3 a5 14.Rfd1 Nfd7 15.Be2 Ne5
16.Nb3 b6 17.Nd4 Bb7 18.Nd5 c6 19.Nc3 Qe7 20.b3 d5 21.Rac1 dxc4 22.bxc4 Na6
23.Rb1 Nb4 24.Qb3 c5 25.Ndb5 a4 26.Qa3 Qh4 27.Nd6 Bc6 28.Nxe8 Rxe8 29.Nd5 Nxc4
30.Bxc4 Qxc4 31.Nxb4 cxb4 32.Rxb4 Qe2 33.Rbb1 b5 34.Bf4 b4 35.Qxb4 Qxa2 36.Rbc1 Qe6
37.Rd6 Qe4 38.Qxe4 Bxe4 39.Rc4  1-0

[Event "World op"]
[Site "Philadelphia"]
[Date "1993.??.??"]
[Round "?"]
[White "Hoffmann, Asa"]
[Black "Dzindzichashvili, Roman"]
[Result "0-1"]
[WhiteElo "2285"]
[BlackElo "2550"]

1.e4 c5 2.Nf3 Nc6 3.d4 cxd4 4.Nxd4 g6 5.Bc4 Bg7 6.Be3 Nf6 7.Nc3 Qa5 8.O-O O-O
9.Nb3 Qc7 10.Qd2 b6 11.Rad1 Bb7 12.Be2 Ne5 13.f3 Rfd8 14.Bd4 d5 15.Nb5 Qc8
16.Qc3 Nc6 17.e5 Nxd4 18.Qxd4 Ne8 19.f4 Nd6 20.Qb4 Nf5 21.Rd3 e6 22.g4 Bf8
23.Qd2 Ne7 24.Rc3 Nc6 25.a3 d4 26.Rh3 a6 27.N5xd4 Nxd4 28.Nxd4 Rxd4 29.Qc3 Bc5  0-1

[Event "World op"]
[Site "Philadelphia"]
[Date "1993.??.??"]
[Round "?"]
[White "Zapata, Alonso"]
[Black "Dzindzichashvili, Roman"]
[Result "1/2-1/2"]
[WhiteElo "2555"]
[BlackElo "2535"]

1.e4 e5 2.Nf3 Nc6 3.Bb5 d6 4.d4 exd4 5.Nxd4 Bd7 6.O-O a6 7.Ba4 Be7 8.Bb3 Nf6
9.f3 O-O 10.Re1 Re8  1/2-1/2

[Event "US op"]
[Site "Philadelphia"]
[Date "1993.??.??"]
[Round "?"]
[White "Shaked, Tal"]
[Black "Dzindzichashvili, Roman"]
[Result "0-1"]
[WhiteElo "2440"]
[BlackElo "2535"]

1.e4 d5 2.exd5 Nf6 3.d4 Nxd5 4.c4 Nb6 5.Nf3 Bg4 6.c5 N6d7 7.Bc4 e6 8.h3 Bh5
9.Be3 Be7 10.Nc3 O-O 11.O-O b6 12.g4 Bg6 13.b4 c6 14.a3 a5 15.Qe2 b5 16.Ba2 Na6
17.Qb2 Nc7 18.Ne5 Nxe5 19.dxe5 f6 20.Rad1 Nd5 21.a4 axb4 22.Nxd5 exd5 23.axb5 Qa5
24.Bb1 Qxb5 25.Bxg6 hxg6 26.exf6 Bxf6 27.Qc2 g5 28.h4 gxh4 29.g5 Bc3 30.Qg6 Qe2
31.Qe6+ Kh8 32.Qh3 Qh5 33.f4 Ra3 34.f5 Be5  0-1

[Event "World op"]
[Site "Philadelphia"]
[Date "1993.??.??"]
[Round "6"]
[White "Dzindzichashvili, Roman"]
[Black "Alburt, Lev O"]
[Result "1/2-1/2"]
[WhiteElo "2535"]
[BlackElo "2545"]

1.c4 c5 2.Nc3 Nf6 3.Nf3 Nc6 4.g3 d5 5.cxd5 Nxd5 6.Bg2 Nc7 7.O-O g6 8.Qa4 Bg7
9.d3 Bd7 10.Qh4 h6 11.Bd2 b6 12.a3 a5 13.Na4 g5 14.Qh5 Ne6 15.Nc3 Qc8 16.h3 Bf6
17.Nh2 Ne5 18.e3 Ng7 19.Qe2 Bxh3 20.Bxh3 Qxh3 21.d4 cxd4 22.exd4 Nd7 23.Nd5 O-O
24.Nxe7+ Kh8 25.Nc6 Rac8 26.Rac1 Nf5 27.Qg4 Qxg4 28.Nxg4 Bg7 29.Kg2 Nxd4
30.Nxd4 Bxd4 31.Nxh6 Bxb2 32.Nxf7+ Kg8 33.Rxc8 Rxc8 34.Nxg5 Bxa3 35.Rb1 Rc2
36.Be3 a4 37.Ne6 Kf7 38.Nd4 Ra2 39.Nb5 Bb2 40.Kf3 Ne5+ 41.Ke4 Nc4 42.Kd3 Nxe3
43.fxe3 Be5 44.Nd4  1/2-1/2

[Event "New York MCC"]
[Site "New York"]
[Date "1994.??.??"]
[Round "1"]
[White "Dzindzichashvili, Roman"]
[Black "Leveille, Francois"]
[Result "1-0"]
[WhiteElo "2540"]
[BlackElo "2370"]

1.e4 e5 2.Nf3 Nf6 3.Nc3 Nc6 4.d4 exd4 5.Nxd4 Nxe4 6.Nxe4 Qe7 7.f3 d5 8.Bb5 Bd7
9.Bxc6 bxc6 10.O-O dxe4 11.Re1 f5 12.fxe4 fxe4 13.c3 c5 14.Nf5 Qe5 15.Ng3 Be7
16.Nxe4 Bc6 17.Ng3 Qf6 18.Qh5+ g6 19.Qxc5 Kd7 20.Qc4 h5 21.Be3 Rhf8 22.Bd4 Qf7
23.Qd3 Bd6 24.Ne4 Qf5 25.Nf2 Rf7 26.Rad1 Raf8 27.Qxf5+ Rxf5 28.Ne4 Bxe4 29.Rxe4 a6
30.c4 Kc6 31.Re6 Kb7 32.g3 g5 33.b4 R8f7 34.c5 Re7 35.Rf6 Rxf6 36.Bxf6 Rf7  1-0

[Event "New York MCC"]
[Site "New York"]
[Date "1994.??.??"]
[Round "5"]
[White "Dzindzichashvili, Roman"]
[Black "Sokolin, Leonid M"]
[Result "1/2-1/2"]
[WhiteElo "2540"]
[BlackElo "2450"]

1.e4 c5 2.Nc3 Nc6 3.f4 g6 4.Nf3 Bg7 5.g3 d6 6.Bg2 e6 7.O-O Nge7 8.d3 O-O
9.a3 Bd7 10.Bd2 Nd4  1/2-1/2

[Event "PCA-op"]
[Site "New York"]
[Date "1994.??.??"]
[Round "6"]
[White "Adams, Michael"]
[Black "Dzindzichashvili, Roman"]
[Result "1-0"]
[WhiteElo "2640"]
[BlackElo "2545"]

1.e4 c5 2.c3 g6 3.d4 cxd4 4.cxd4 d5 5.e5 Nc6 6.Nc3 Bg7 7.h3 f6 8.exf6 exf6
9.Nf3 Nge7 10.Be2 O-O 11.O-O g5 12.Re1 Bf5 13.Be3 Bg6 14.Rc1 Qd7 15.h4 h6
16.hxg5 fxg5 17.Nh2 Kh8 18.Bf3 Rad8 19.Nf1 Nf5 20.Bg4 Qf7 21.Bxf5 Bxf5 22.Ng3 Bg6
23.Qd2 Qf6 24.Nce2 Rd7 25.f4 g4 26.Rf1 Bf5 27.Nxf5 Qxf5 28.Ng3 Qe6 29.Rce1 Qd6
30.Qd1 Re7 31.Kh1 h5 32.Bg1 Rxe1 33.Qxe1 Nxd4 34.Bxd4 Bxd4 35.Nxh5 Qh6 36.Qh4 Rg8
37.Rd1 Bf2 38.Qxf2 Qxh5+ 39.Kg1 g3 40.Qd4+ Kh7 41.Qxd5 Qxd5 42.Rxd5 Rc8 43.Rh5+ Kg6
44.Rg5+ Kf6 45.Rxg3 Kf5 46.Rg7 b6 47.Rxa7 Kxf4 48.Ra4+ Kg3 49.Ra3+  1-0

[Event "New York MCC"]
[Site "New York"]
[Date "1994.??.??"]
[Round "6"]
[White "Fedorowicz, John P"]
[Black "Dzindzichashvili, Roman"]
[Result "1/2-1/2"]
[WhiteElo "2520"]
[BlackElo "2540"]

1.d4 d5 2.c4 c6 3.Nf3 Nf6 4.cxd5 cxd5 5.Nc3 Nc6 6.Bf4 Bf5 7.e3 e6 8.Bb5 Nd7
9.Qa4 Rc8 10.Bxc6 Rxc6 11.Qxa7 Qc8 12.Qa5 Ra6 13.Qc7 Qxc7 14.Bxc7 Rc6 15.Bf4 Ba3  1/2-1/2

[Event "New York MCC"]
[Site "New York"]
[Date "1994.??.??"]
[Round "7"]
[White "Dzindzichashvili, Roman"]
[Black "Sagalchik, Gennadij"]
[Result "1/2-1/2"]
[WhiteElo "2540"]
[BlackElo "2545"]

1.c4 Nf6 2.Nc3 c5 3.Nf3 Nc6 4.g3 g6 5.Bg2 Bg7 6.O-O O-O 7.d4 cxd4 8.Nxd4 Nxd4
9.Qxd4 d6 10.Qd3 a6 11.Bg5 Rb8 12.c5 Qa5 13.Bxf6 Bxf6 14.cxd6 exd6 15.Nd5 Be5
16.a4 Qd8 17.Qd2 a5 18.Rac1 Bd7 19.b3 b5 20.Rc7 bxa4 21.bxa4 Rb2 22.Qxa5 Ra2
23.e3 Rxa4 24.Qd2 Be6 25.Rb7 Qa5  1/2-1/2

[Event "USA-ch"]
[Site "Modesto"]
[Date "1995.??.??"]
[Round "1"]
[White "Dzindzichashvili, Roman"]
[Black "Ivanov, Alexander"]
[Result "1/2-1/2"]
[WhiteElo "2545"]
[BlackElo "2530"]

1.c4 e5 2.Nc3 Nc6 3.Nf3 Nf6 4.d3 g6 5.g3 Bg7 6.Bg2 O-O 7.O-O d6 8.Rb1 a5
9.a3 Nd4 10.Bg5 Ne6 11.Bd2 c6 12.b4 axb4 13.axb4 Nd4 14.b5 Bg4 15.bxc6  1/2-1/2

[Event "New York op"]
[Site "New York"]
[Date "1996.??.??"]
[Round "1"]
[White "Dzindzichashvili, Roman"]
[Black "Rea, Andrew"]
[Result "1-0"]
[WhiteElo "2545"]
[BlackElo "2200"]

1.d4 Nf6 2.c4 e6 3.Nc3 d5 4.Bg5 Be7 5.e3 h6 6.Bh4 O-O 7.Nf3 b6 8.cxd5 exd5
9.Bd3 Be6 10.O-O c5 11.Ne5 Nfd7 12.Bxe7 Qxe7 13.f4 Nxe5 14.dxe5 f5 15.Qf3 Qd7
16.Rfd1 Nc6 17.Nxd5 Qxd5 18.Bxf5 Nd4 19.Bxe6+ Qxe6 20.exd4 cxd4 21.Rxd4 Rad8
22.Rxd8 Rxd8 23.Qb3 Rd5 24.f5  1-0

[Event "New York CITS"]
[Site "New York"]
[Date "1996.??.??"]
[Round "3"]
[White "Dzindzichashvili, Roman"]
[Black "Kortschnoj, Viktor"]
[Result "1/2-1/2"]
[WhiteElo "2545"]
[BlackElo "2645"]

1.d4 d5 2.c4 dxc4 3.Nf3 Nf6 4.e3 e6 5.Bxc4 a6 6.O-O b5 7.Bd3 Bb7 8.Qe2 c5
9.dxc5 Nc6 10.b4 Nxb4 11.Bxb5+ axb5 12.Qxb5+ Nd7 13.Qxb4 Bxf3 14.gxf3 Qg5+
15.Qg4 Qf6 16.Qe4 Rc8 17.c6 Nc5 18.Qd4 Qxf3 19.Nd2 Qxc6 20.Nb3 Be7 21.Bb2 Bf6
22.Qxc5 Qxc5 23.Nxc5 Bxb2 24.Rab1 Rxc5 25.Rxb2 Rg5+ 26.Kh1 Ke7 27.Rg1 Rxg1+
28.Kxg1 Ra8 29.Kg2 Ra4 30.f4 Kf6 31.h4 h6 32.Kf3 g6 33.Rc2 h5 34.Rb2 Rc4
35.Rb5 Ra4 36.Rb2 Ra3 37.Ke4 Ra7 38.Kf3 Ke7 39.Rc2 Ra4 40.Rb2 Kf6 41.Rc2 e5
42.Rc6+ Ke7 43.Rc5 e4+ 44.Kg3 Kd6 45.Rc2 Ra3 46.Kf2 Ke6 47.Re2 Kf5 48.Kg3 Rd3
49.Kh3 Rc3 50.Kg3 f6 51.Kh3 Rc1 52.Kg3 Rf1 53.Kg2 Rb1 54.Kg3 Ke6 55.Kf2 Ra1
56.Rd2 Kf5 57.Kg3 Rf1 58.Kg2 Rc1 59.Kg3 Rc3 60.Re2 Rd3 61.Kh3 Ke6 62.Kg3 Rd1
63.Kf2 Rh1 64.Kg2 Ra1 65.Rd2 Kf5 66.Kg3 Rf1 67.Kg2  1/2-1/2

[Event "New York CITS"]
[Site "New York"]
[Date "1996.??.??"]
[Round "4"]
[White "Adams, Michael"]
[Black "Dzindzichashvili, Roman"]
[Result "1/2-1/2"]
[WhiteElo "2660"]
[BlackElo "2545"]

1.e4 c5 2.Nf3 d6 3.d4 cxd4 4.Nxd4 Nf6 5.Nc3 Nc6 6.Bg5 e6 7.Qd2 a6 8.O-O-O h6
9.Be3 Be7 10.f4 Bd7 11.Kb1 b5 12.Bd3 Qc7 13.Nf3 Ng4 14.Bg1 O-O 15.h3 Nf6
16.Bh2 b4 17.Ne2 Qb7 18.g4 d5 19.Ng3 Na5 20.Rhe1 dxe4 21.Nxe4 Nxe4 22.Bxe4 Bc6
23.Bxc6 Nxc6 24.Qg2 Rad8 25.Nd4 Na5 26.Qxb7 Nxb7 27.Nc6 Rxd1+ 28.Rxd1 Bd6
29.Bg1 f5 30.gxf5 exf5 31.Be3 Re8  1/2-1/2

[Event "New York CITS"]
[Site "New York"]
[Date "1996.??.??"]
[Round "5"]
[White "Dzindzichashvili, Roman"]
[Black "Sokolov, Ivan"]
[Result "1/2-1/2"]
[WhiteElo "2545"]
[BlackElo "2665"]

1.c4 e5 2.e3 Nf6 3.Nc3 d6 4.d4 Nbd7 5.Bd3 g6 6.Nge2 Bg7 7.O-O O-O 8.b4 Re8
9.Bb2 h5 10.h3 h4 11.Qb3 e4 12.Bc2 Nf8 13.d5 g5 14.Rad1 Ng6 15.Rd4 g4 16.Nxe4 gxh3
17.Nxf6+ Qxf6 18.Re4 Ne5 19.Bxe5 dxe5 20.f3 hxg2 21.Kxg2 Qg5+ 22.Kf2 Bf5
23.Rg1 Qh6 24.Qb1 Rad8 25.Reg4 Bxg4 26.Rxg4 b5 27.Qh1 e4 28.Rxh4 Qf6 29.Bxe4 bxc4
30.Nd4 Re5 31.Rf4 Qh6 32.Rh4 Qf6 33.Rf4 Qh6  1/2-1/2

[Event "New York CITS"]
[Site "New York"]
[Date "1996.??.??"]
[Round "7"]
[White "Dzindzichashvili, Roman"]
[Black "Wolff, Patrick G"]
[Result "1/2-1/2"]
[WhiteElo "2545"]
[BlackElo "2565"]

1.c4 e5 2.Nc3 Nc6 3.g3 g6 4.Bg2 Bg7 5.e3 d6 6.Nge2 Nf6 7.d3 O-O 8.O-O Be6
9.Nd5 Qd7 10.b3 Bxd5 11.cxd5 Ne7 12.Nc3 c6 13.dxc6 Nxc6 14.Ba3 Rfd8 15.Nd5 Rac8
16.Rc1 Nxd5 17.Bxd5 Ne7 18.Qf3 Nxd5 19.Qxd5 Bf8 20.d4 Rc6 21.dxe5 dxe5 22.Qxd7 Rxd7
23.Rxc6 bxc6 24.Bxf8 Kxf8 25.Rc1 Rc7 26.Rc5 f6 27.Kf1 Ke7 28.Ke2 Kd6 29.Ra5 Rd7
30.e4 h5 31.h4 g5 32.hxg5 fxg5 33.f4 gxf4 34.gxf4 Re7 35.Kf3 h4 36.fxe5+ Rxe5
37.Rxa7 Rh5 38.Kg2 h3+ 39.Kh2 Rh4 40.Ra4 Ke5 41.Rc4 Rxe4 42.Rxe4+ Kxe4 43.Kxh3 Kd4
44.Kg4 Kc3 45.Kf4 Kb4 46.Ke4 Ka3 47.Kd4 Kxa2 48.Kc5 Kxb3 49.Kxc6  1/2-1/2

[Event "New York op"]
[Site "New York"]
[Date "1996.??.??"]
[Round "8"]
[White "Fedorowicz, John P"]
[Black "Dzindzichashvili, Roman"]
[Result "0-1"]
[WhiteElo "2515"]
[BlackElo "2545"]

1.e4 c5 2.Nf3 d6 3.d4 cxd4 4.Nxd4 Nf6 5.Nc3 Nc6 6.Bg5 e6 7.Qd2 a6 8.O-O-O h6
9.Be3 Be7 10.f4 Bd7 11.Be2 Qc7 12.g4 b5 13.g5 hxg5 14.fxg5 b4 15.Nd5 exd5
16.gxf6 Bxf6 17.Nxc6 Qxc6 18.exd5 Qa4 19.Kb1 Rc8 20.Rdf1 Be5 21.Bf4 Bf5 22.Bd3 Bxd3
23.Qxd3 Rh3 24.Qf5 Qd7 25.Qe4 Rh4 26.Qe3 f6 27.Bxe5 dxe5 28.Rd1 Qd6 29.Rd2 Rcc4
30.Rhd1 Kf7 31.b3 Rc3 32.Qa7+ Rc7 33.Qf2 Rf4 34.Qe2 a5 35.Rf1 Rxf1+ 36.Qxf1 g6
37.Rf2 f5 38.Qh1 f4 39.h4 Rd7 40.h5 g5 41.Rd2 Kg7 42.Qe4 Kh6 43.Rd4 Rf7 44.Rd3 g4  0-1

[Event "New York op"]
[Site "New York"]
[Date "1996.??.??"]
[Round "9"]
[White "Dzindzichashvili, Roman"]
[Black "Stefansson, Hannes"]
[Result "1/2-1/2"]
[WhiteElo "2545"]
[BlackElo "2540"]

1.c4 e5 2.Nc3 Nf6 3.Nf3 Nc6 4.d3 d5 5.cxd5 Nxd5 6.g3 Nb6 7.Bg2 Be7 8.O-O O-O
9.Be3 f5 10.Qc1 Bf6 11.Rd1 Nd4 12.Bxd4 exd4 13.Na4 Kh8 14.Nc5 c6 15.Re1 Re8
16.e3 dxe3 17.Rxe3 Rf8 18.d4 Nd5 19.Re1 f4 20.Ne5  1/2-1/2

[Event "USA-ch"]
[Site "Parsippany"]
[Date "1996.??.??"]
[Round "3"]
[White "Christiansen, Larry Mark"]
[Black "Dzindzichashvili, Roman"]
[Result "1-0"]
[WhiteElo "2555"]
[BlackElo "2545"]

1.c4 e5 2.Nc3 Nf6 3.Nf3 Nc6 4.d4 exd4 5.Nxd4 Bb4 6.Bg5 h6 7.Bh4 Bxc3+ 8.bxc3 d6
9.Nxc6 bxc6 10.e3 g5 11.Bg3 h5 12.h4 g4 13.Bd3 Qe7 14.Qa4 O-O 15.c5 Re8 16.Qxc6 Bd7
17.Qxc7 Nd5 18.Qxd6 Nxe3 19.Qxe7 Rxe7 20.Kd2  1-0

[Event "Bronstein jubilee"]
[Site "San Francisco"]
[Date "1999.04.06"]
[Round "3"]
[White "Dzindzichashvili, Roman"]
[Black "Browne, Walter S"]
[Result "1/2-1/2"]
[WhiteElo "2553"]
[BlackElo "2516"]

1.g3 e5 2.c4 Nc6 3.Bg2 g6 4.Nc3 Bg7 5.d3 f5 6.e3 Nf6 7.Nge2 O-O 8.O-O d6
9.b3 g5 10.Bb2 Ne7 11.f4 h6 12.Qd2 Ng6 13.d4 c6 14.dxe5 dxe5 15.Rad1 Qxd2
16.Rxd2 Re8 17.Rfd1 Ng4 18.Rd8 Be6 19.Rxa8 Rxa8 20.Rd6 Re8 21.Nd1 Bf8 22.Rd2 exf4
23.exf4 Bc5+ 24.Bd4 Bxd4+ 25.Nxd4 gxf4 26.h3 Ne3 27.gxf4 Nxd1 28.Rxd1 Rd8
29.Bd5 Bxd5 30.Ne6 Rd6 31.cxd5 cxd5 32.Nd4 Nxf4 33.Nxf5 Re6 34.Kf2 Kf7 35.Kf3 Nxh3
36.Rxd5 Ng5+ 37.Kg4 Kg6 38.Nh4+ Kf6 39.Rf5+ Ke7 40.Rb5 b6 41.Nf5+ Kd7 42.Nxh6 Ne4
43.Nf7 Nc3 44.Rb4 a5 45.Rd4+ Kc7 46.Kf5 Re7 47.Rc4+ Kb8 48.Nd8 Rc7 49.Nc6+ Kb7
50.Rxc3 Rxc6 51.Rxc6  1/2-1/2

[Event "Bronstein jubilee"]
[Site "San Francisco"]
[Date "1999.04.06"]
[Round "5"]
[White "Dzindzichashvili, Roman"]
[Black "Ftacnik, Lubomir"]
[Result "1/2-1/2"]
[WhiteElo "2553"]
[BlackElo "2585"]

1.g3 Nf6 2.Bg2 d5 3.Nf3 g6 4.c4 Bg7 5.cxd5 Nxd5 6.O-O O-O 7.d4 Nb6 8.Nc3 Nc6
9.Bf4 Nxd4 10.Nxd4 e5 11.Nc6 Qxd1 12.Ne7+ Kh8 13.Rfxd1 exf4 14.Nxc8 Raxc8
15.Bxb7 Rb8 16.Ba6 fxg3 17.hxg3 Rfd8 18.Rac1 c6 19.b3 f5 20.Bd3 Rd6 21.Rc2 Bxc3
22.Rxc3 Nd5 23.Bc4 Nxc3 24.Rxd6 Nxa2 25.Rxc6 Nc1 26.Ra6 Nxb3 27.Rxa7 Nd2
28.Bd3 Re8 29.f3 Nb3 30.Kf2 Nd4 31.Rc7 Ne6  1/2-1/2

[Event "Bronstein jubilee"]
[Site "San Francisco"]
[Date "1999.04.07"]
[Round "6"]
[White "Dzindzichashvili, Roman"]
[Black "Gurevich, Ilya"]
[Result "1/2-1/2"]
[WhiteElo "2553"]
[BlackElo "2580"]

1.Nf3 Nf6 2.c4 g6 3.Nc3 d5 4.cxd5 Nxd5 5.Qa4+ Bd7 6.Qh4 Nxc3 7.Qd4 f6 8.Qxc3 e5
9.d3 Nc6 10.a3 Bg4 11.e3 Bxf3 12.gxf3 Qd5 13.Be2 a5 14.Bd2 Bd6 15.Rc1 a4
16.Qc4 Qxc4 17.Rxc4 Kd7 18.O-O b5 19.Rc2 Rhb8 20.Rfc1 Na5 21.Bxa5 Rxa5 22.Bd1 Ra7  1/2-1/2